Quadro de medalhas - Olimpíadas 2024 - Statistics

Estatísticas Gerais
  • Esse quiz foi jogado 262 vezes
  • A pontuação média é 15 de 20
Estatísticas das Respostas
Ranking Resposta Ouro Prata Bronze TOTAL % Correto
China 40 27 24 91
100%
Estados Unidos da América 40 44 42 126
100%
20° Brasil 3 7 10 20
99%
França 16 26 22 64
97%
Japão 20 12 13 45
96%
10º Alemanha 12 13 8 33
91%
12º Canadá 9 7 11 27
91%
Itália 12 13 15 40
90%
Austrália 18 19 16 53
89%
15º Espanha 5 4 9 18
88%
Coréia do Sul 13 9 10 32
86%
Reino Unido 14 22 29 65
86%
Países Baixos 15 7 12 34
73%
16º Suécia 4 4 3 11
71%
18º Noruega 4 1 3 8
62%
11º Nova Zelandia 10 7 3 20
58%
14º Hungria 6 7 6 19
48%
19º Irlanda 4 0 3 7
48%
17º Quênia 4 2 5 11
43%
13º Uzbequistão 8 2 3 13
28%
Nenhum quiz correspondente encontrado
Distribuição das Pontuações
Porcentagem de Pessoas com Cada Pontuação
Percentil de Números Respondidos
Sua Pontuação Histórica
Você não jogou esse quiz